000 01810nam0a2200373 4500
001 RU\NLR\bibl\1520801
005 20260405201556.0
010 _a978-5-88429-129-4
_91000
035 _a(NLR Aleph) 001512163
090 _a87406
_c87406
100 _a20100429d2009 |||y0rusy50 ca
101 0 _arus
102 _aRU
105 _aa |||||||||
200 1 _aРентгеноультразвуковая диагностика аномалий развития и заболеваний панкреатобилиарной системы у детей
_fМ.И. Пыков, Ю.Ю. Соколов, И.С. Никулина
210 _aМосква
_cВидар
_cВидар-М
_d2009
215 _a129 с.
_cил., цв. ил.
_d24
300 _aНа обороте тит. л. авт.: Пыков М.И., д.м.н., проф., Соколов Ю.Ю., д.м.н., проф., Никулина И.С., к.м.н.
320 _aБиблиогр.: с. 127-129
606 1 _aПанкреатобилиарная зона детей
_xБолезни
_xДиагностика
_92599497
_3RU\NLR\auth\661536055
606 1 _aПанкреатобилиарная зона детей
_xАномалии
_xДиагностика
_92599498
_3RU\NLR\auth\661536056
686 _aР733.413.6-4
686 _aР733.413.5-4
686 _aР733.457.465.35-4
686 _aР733.457.465.36-4
700 1 _aПыков
_bМ. И.
_gМихаил Иванович
_4070
701 1 _4070
_7ca
_8rus
_aСоколов
_bЮ. Ю.
_cд-р мед. наук
_gЮрий Юрьевич
_972040
_3RU\NLR\auth\7789112
701 1 _aНикулина
_bИ. С.
_gИрина Сергеевна
_4070
801 0 _aRU
_bNLR
_c20100429
_gRCR
801 1 _aRU
_bNLR
_c20100429
830 _aавт. по кн.
942 _cBOOK
980 _aNB